A munkásosztály termelési kulturája [!kultúrája]
Elmentve itt :
| Szerző: | |
|---|---|
| Testületi szerző: | |
| Dokumentumtípus: | Könyv része |
| Megjelent: |
1976
|
| Sorozat: | Szegedi Nyári Egyetem : művelődéselmélet
5 Munkásművelődés : összeállítás a TIT Szegedi 5. Művelődéselméleti Nyári Egyetemén elhangzott előadásokból 5 |
| Kulcsszavak: | Munkásosztály - tudományos-technikai forradalom, Társadalmi szerkezet - Magyarország - 1970-es évek - munkásosztály |
| Tárgyszavak: | |
| Online Access: | http://acta.bibl.u-szeged.hu/44849 |
| LEADER | 01049naa a2200229 i 4500 | ||
|---|---|---|---|
| 001 | acta44849 | ||
| 005 | 20220131080542.0 | ||
| 008 | 170609s1976 hu o 0|| hun d | ||
| 022 | |a 0139-4118 | ||
| 040 | |a SZTE Egyetemi Kiadványok Repozitórium |b hun | ||
| 041 | |a hun | ||
| 100 | 1 | |a Létási István | |
| 245 | 1 | 2 | |a A munkásosztály termelési kulturája [!kultúrája] |h [elektronikus dokumentum] / |c Létási István |
| 260 | |c 1976 | ||
| 300 | |a 176-204 | ||
| 490 | 0 | |a Szegedi Nyári Egyetem : művelődéselmélet |v 5 | |
| 490 | 0 | |a Munkásművelődés : összeállítás a TIT Szegedi 5. Művelődéselméleti Nyári Egyetemén elhangzott előadásokból |v 5 | |
| 650 | 4 | |a Társadalomtudományok | |
| 650 | 4 | |a Szociológia | |
| 695 | |a Munkásosztály - tudományos-technikai forradalom, Társadalmi szerkezet - Magyarország - 1970-es évek - munkásosztály | ||
| 710 | |a TIT Szegedi Művelődéselméleti Nyári Egyetem (5.) (1976) (Szeged) | ||
| 856 | 4 | 0 | |u http://acta.bibl.u-szeged.hu/44849/1/sznye_muveledoselmelet_005_176-204.pdf |z Dokumentum-elérés |